000 00289nam a22001337a 4500
008 181019b xxu||||| |||| 00| 0 eng d
020 _a9780198556947
041 _aeng
080 _a541
100 _a12
101 _akim
245 _aChemical Bonding
_cWinter.M.J
942 _2udc
_cBK
999 _c50234
_d50234